000 00741nam a2200241 i 4500
001 88836
003 ES-MaACL
005 20230906175940.0
007 t|
008 041223s1993 sp ||||1| spa d
020 _a84-7880-303-3
080 _a327.84(460)
100 0 _aRueda, Fernando,
_d1960-
_9100505
245 1 3 _aLa Casa
_b: el CESID: agentes, operaciones secretas y actividades de los espias españoles /
_cFernando Rueda.
250 _a1ª ed.
260 _aMadrid :
_bTemas de Hoy,
_c1993.
300 _a399 p. ;
_c23 cm.
490 1 _aGrantes temas ;
_v18
610 1 _aEspaña.
_bCESID.
_9161797
830 0 _aGrantes temas ;
_v18
_9226313
852 _aES-MaACL
_jE-10681
_bR.134865
999 _c88836
_d88836